000 00422nam a2200181Ia 4500
008 210210b1946 xxu||||| |||| 00| 0 eng d
041 _aeng
082 _a822/714
100 _aLIVINGSTONE (R)
245 _aSome tasks for education
260 _aLondon
_bOxford University Press
_c1946
650 _atasks
650 _aSome
650 _afor
650 _aeducation
690 _aEnglish Prose
906 _a012898
999 _c131729
_d131729